000 00968nam a2200217 i 4500
001 167886
003 ES-MaACL
005 20251111063352.0
008 990615s1869 fr |||| | fre d
040 _aCCPB | B
_bspa
_cCCPB | B
100 1 _aWeil, Henri,
_d1818-1909
_9116333
245 1 0 _aDe l'ordre des mots dans les langues anciennes comparées aux langues modernes
_b: question de grammaire générale /
_cpar Henri Weil.
260 _aParis :
_bLibrairie A. Franck,
_c1869.
300 _a100 p. ;
_c22 cm.
490 1 _aCollection philologique. Recueil de travaux originaux ou traduits relatifs a la philologie & a l'histoire littéraire.
650 0 4 _aLengua francesa-
_xGramática.
_914220
830 0 _aCollection philologique. Recueil de travaux originaux ou traduits relatifs a la philologie & a l'histoire littéraire.
_9221343
852 _aES-MaACL
_jC-6761
_z-- Enc. hol.
852 _aES-MaACL
_jT-375-F-4
999 _c167886
_d167886